Thanksgiving Dinner Countries Quiz Stats

 Plays Quiz Updated Nov 24, 2016

Challenge
Share
Tweet
Embed
Score 0/60 Timer 05:00
12 Plays Today
% Correct
United States
99.1%
United States
99.1%
United States
99.1%
United States
99%
United States
99%
United States
99%
United States
99%
Canada
95%
China
94%
China
94%
China
94%
China
94%
China
94%
China
94%
China
94%
China
94%
China
94%
Mexico
93.5%
Brazil
90.8%
Brazil
90.8%
Brazil
90.8%
France
90.2%
France
90.2%
Russia
89.6%
Russia
89.6%
Russia
89.6%
Germany
87.1%
India
84.8%
India
84.8%
India
84.8%
% Correct
India
84.8%
India
84.8%
Argentina
81.3%
Italy
79%
Italy
79%
Italy
79%
Turkey
71%
Turkey
70.9%
Turkey
70.9%
Poland
63.4%
Indonesia
58.8%
Indonesia
58.8%
Ukraine
58.2%
Iran
55.2%
Ukraine
54.5%
Thailand
51.8%
Thailand
51.8%
Nigeria
51.1%
Nigeria
51.1%
South Korea
47.1%
Ghana
31.9%
Bolivia
31.7%
Ethiopia
29%
Belarus
26.7%
Tanzania
25%
Cote d'Ivoire
23.2%
Uganda
20.1%
Benin
17.5%
Latvia
16.9%
Azerbaijan
8.2%

You're not logged in!

Compare scores with friends on all Sporcle quizzes.
OR
Log In

You Might Also Like...

Show Comments

Extras

Top Quizzes Today


Score Distribution

Your Account Isn't Verified!

In order to create a playlist on Sporcle, you need to verify the email address you used during registration. Go to your Sporcle Settings to finish the process.

Report this User

Report this user for behavior that violates our Community Guidelines.

Details: